000 00529nam a22002057a 4500
003 UA-OsUOA
001 84299
007 ta
008 20120530b un ||||| |||| 00| 0 ukr d
090 _a94
_bP-11
942 _cBR
040 _aUA-OsUOA
_bpol
_cUA-OsUOA
_dUA-OsUOA
245 _aPublikacje wydane przez Oddzial Instytutu Pamieci Narodowej w Warszawie
300 _aC.33 с.
955 _a1
041 _apol
080 _a94
260 _aWarszawia
650 7 _a9 Географія. Біографії. Історія
_2UDC
999 _c370611
_d370611